Wavelets : an analysis tool /
Guardado en:
| Autor Principal: | |
|---|---|
| Formato: | Libro |
| Idioma: | English |
| Publicado: |
Oxford : New York :
Clarendon Press ; Oxford University Press,
1995.
|
| Series: | Oxford mathematical monographs
Oxford science publications |
| Materias: | |
| Etiquetas: |
Agregar Etiqueta
Sin Etiquetas, Sea el primero en etiquetar este registro!
|
| LEADER | 01089cam a2200253 a 4500 | ||
|---|---|---|---|
| 001 | MAT.inmabb003346 | ||
| 008 | 940728s1995####enka#####b####001#0#eng## | ||
| 005 | 20120925113929.0 | ||
| 245 | 1 | 0 | |a Wavelets : |b an analysis tool / |c M. Holschneider. |
| 260 | |a Oxford : |b Clarendon Press ; |a New York : |b Oxford University Press, |c 1995. | ||
| 300 | |a xiii, 423 p. : |b il. ; |c 24 cm. | ||
| 440 | 0 | |a Oxford mathematical monographs | |
| 440 | 0 | |a Oxford science publications | |
| 504 | |a Incluye referencias bibliográficas (p. [415]-420) e índice. | ||
| 505 | 8 | |a 1. Introduction to wavelet analysis over R -- 2. Discretizing and periodizing the half-plane -- 3. Multi-resolution analysis -- 4. Fractal analysis and wavelet transforms -- 5. Group theory as unifying language -- 6. Functional analysis and wavelets. | |
| 510 | 4 | |a MR, |c 97b:42051 | |
| 020 | |a 0198534817 | ||
| 100 | 1 | |a Holschneider, M. |q (Matthias) | |
| 650 | 0 | 0 | |a Wavelets (Mathematics) |
| 084 | |a 42C40 |2 msc2000 | ||
| 084 | |a (00A69 94A12) |2 MR | ||
| 010 | |a 94032041 | ||
| 040 | |a DLC |c DLC |d DLC | ||
| 859 | |h 42 |i H756 |p A-7311 |b BIB. MATEMATICA | ||
